鐵道省線名及汽船航路名一覽(大正十四年四月) - Statistics

General Stats
  • This quiz has been taken 9 times
  • The average score is 83 of 157
Answer Stats
Hint Answer % Correct
東海道線 東海道本線
100%
山陽線 山陽本線
100%
東海道線 福知山線
86%
中央線 中央本線
86%
山陽線 呉線
86%
山陰線 山陰本線
86%
山陰線 舞鶴線
86%
山陰線 因美線
86%
山陰線 倉吉線
86%
山陰線 境線
86%
關西線 關西本線
86%
關西線 参宮線
86%
關西線 奈良線
86%
關西線 和歌山線
86%
東北線 東北本線
86%
東北線 常磐線
86%
東北線 高崎線
86%
東北線 兩毛線
86%
東北線 水戸線
86%
東北線 日光線
86%
東北線 八戸線
86%
磐越線 磐越東線
86%
磐越線 磐越西線
86%
奥羽線 奥羽本線
86%
奥羽線 左澤線
86%
羽越線 羽越線
86%
陸羽線 陸羽東線
86%
陸羽線 陸羽西線
86%
陸羽線 石巻線
86%
信越線 信越本線
86%
總武線 成田線
86%
鹿兒島線 鹿兒島本線
86%
長崎線 長崎本線
86%
日豐線 日豐本線
86%
航路 宇野
86%
東海道線 横須賀線
71%
東海道線 武豐線
71%
北陸線 北陸本線
71%
北陸線 小濱線
71%
北陸線 七尾線
71%
北陸線 氷見線
71%
中央線 篠ノ井線
71%
山陽線 播但線
71%
山陽線 宇野線
71%
山陽線 山口線
71%
山陽線 美禰線
71%
山陰線 宮津線
71%
關西線 草津線
71%
關西線 櫻井線
71%
東北線 山田線
71%
東北線 大湊線
71%
奥羽線 能代線
71%
奥羽線 黒石線
71%
總武線 總武本線
71%
總武線 東金線
71%
鹿兒島線 肥薩線
71%
長崎線 佐世保線
71%
筑豊線 筑豊本線
71%
函館線 函館本線
71%
室蘭線 室蘭本線
71%
留萌線 留萌線
71%
根室線 根室本線
71%
根室線 富良野線
71%
宗谷線 宗谷本線
71%
航路 高松
71%
航路 宮津
71%
航路 靑森
71%
航路 函館
71%
東海道線 高山線
57%
北陸線 三國線
57%
山陰線 大社線
57%
關西線 紀勢東線
57%
關西線 片町線
57%
關西線 紀勢西線
57%
東北線 山手線
57%
東北線 足尾線
57%
東北線 烏山線
57%
東北線 花輪線
57%
奥羽線 長井線
57%
信越線 魚沼線
57%
總武線 房總線
57%
總武線 久留里線
57%
德島線 德島本線
57%
鹿兒島線 篠栗線
57%
鹿兒島線 山野線
57%
長崎線 唐津線
57%
日豐線 田川線
57%
日豐線 妻線
57%
日豐線 志布志線
57%
筑豊線 伊田線
57%
函館線 歌志内線
57%
室蘭線 夕張線
57%
航路 下關
57%
航路 門司
57%
東海道線 横濱線
43%
東海道線 熱海線
43%
東海道線 越美南線
43%
東海道線 有馬線
43%
山陽線 伯備南線
43%
山陰線 伯備北線
43%
關西線 城東線
43%
東北線 眞岡線
43%
德島線 小松島線
43%
鹿兒島線 三角線
43%
鹿兒島線 湯前線
43%
日豐線 細島線
43%
筑豊線 幸袋線
43%
川内線 宮之城線
43%
函館線 手宮線
43%
函館線 岩内線
43%
宗谷線 石北線
43%
名寄線 名寄本線
43%
名寄線 渚滑線
43%
網走線 網走本線
43%
航路 稚内
43%
東海道線 西成線
29%
東北線 上越南線
29%
東北線 横黒線
29%
東北線 橋場線
29%
奥羽線 船川線
29%
奥羽線 五所川原線
29%
信越線 上越北線
29%
長崎線 伊萬里線
29%
筑豊線 漆生線
29%
函館線 幌内線
29%
室蘭線 萬字線
29%
網走線 湧別線
29%
網走線 相生線
29%
航路 大泊
29%
山陽線 作備線
14%
奥羽線 生保内線
14%
總武線 北條線
14%
讃豫線 讃豫線
14%
高知線 高知線
14%
鹿兒島線 室木線
14%
鹿兒島線 宮地線
14%
筑豊線 香月線
14%
航路 釜山
14%
北陸線 中越線
0%
北陸線 新湊線
0%
東北線 大郡線
0%
東北線 鹽竈線
0%
日豐線 宮床線
0%
日豐線 大湯線
0%
日豐線 犬飼線
0%
筑豊線 桐野線
0%
筑豊線 長尾線
0%
川内線 川内本線
0%
函館線 上磯線
0%
函館線 長輪線
0%
函館線 京極線
0%
函館線 雨龍線
0%
宗谷線 天鹽南線
0%
宗谷線 天鹽北線
0%
航路 宮島桟橋
0%
航路 嚴島町
0%
航路 須津
0%
No matching quizzes found
Score Distribution
Percent of People with Each Score
Percentile by Number Answered
Your Score History
You have not taken this quiz